Online Catalogue and eLibrary

Jathaka kathawala samaja vidyathmaka lakshana (Record no. 4785)

MARC details
000 -LEADER
fixed length control field 00431nam a2200169Ia 4500
005 - DATE AND TIME OF LATEST TRANSACTION
control field 20250516015630.0
008 - FIXED-LENGTH DATA ELEMENTS--GENERAL INFORMATION
fixed length control field 240331s9999 xx 000 0 und d
020 ## - INTERNATIONAL STANDARD BOOK NUMBER
ISBN 9552010543
082 ## - DDC Classification
Item Number - Author Mark PER
Class No. 294
100 ## - MAIN ENTRY--PERSONAL NAME
Personal name Perera,B.A.T
245 #0 - TITLE STATEMENT
Title Jathaka kathawala samaja vidyathmaka lakshana
260 ## - PUBLICATION, DISTRIBUTION, ETC.
Place of publication, distribution, etc. Colombo
Name of publisher, distributor, etc. S. Godake & Brothers
Date of publication, distribution, etc. 1993
300 ## - PHYSICAL DESCRIPTION
Extent (e.g. Volumes, Pages etc.) 120 p .,
650 ## - SUBJECT ADDED ENTRY--TOPICAL TERM
Topical term or geographic name entry element Folk Story
650 ## - SUBJECT ADDED ENTRY--TOPICAL TERM
Topical term or geographic name entry element Social Science
942 ## - Koha item type (Biblio)
Koha item type Books in Stacks (Lending)
Holdings
Lost status Damaged status Collection code Home library Current library Shelving location Date acquired Full call number Accession Number Item type
    Lending WERC Library WERC Library Social Science Cupboard 03/31/2024 294 PER 3093 Books in Stacks (Lending)

© WERC Library